| 000 | 00488nam a22001937a 4500 | ||
|---|---|---|---|
| 003 | MPLRDC | ||
| 005 | 20220104114642.0 | ||
| 008 | 210129b ||||| |||| 00| 0 eng d | ||
| 020 | _a7-220-02677-3 | ||
| 082 | _a121.2 ZHRX v.1 | ||
| 100 | _a李明泉 | ||
| 245 |
_a尽善尽美 _c |
||
| 250 | _a一版一刷 | ||
| 260 |
_a _b四川人民出版社 _c1995 |
||
| 300 | _b平 | ||
| 490 | _a中华儒学文化系列 | ||
| 650 | _a先秦哲学--儒家; 儒学 | ||
| 942 |
_cBK _o121.2 ZHRX v.1 |
||
| 999 |
_c9152 _d9142 |
||